Bakumatsu Meiji kurashi no sugao /
Saved in:
| Main Author: | |
|---|---|
| Format: | Book |
| Language: | Japanese |
| Published: |
Tōkyō :
Seiabō,
1957.
|
| Subjects: | |
| Tags: |
Add Tag
No Tags, Be the first to tag this record!
|
| LEADER | 01163cam a2200301ui 4500 | ||
|---|---|---|---|
| 001 | 007719977-4 | ||
| 005 | 20024617121422.0 | ||
| 008 | 900705s1957 ja c 000 0 jpn d | ||
| 035 | 0 | |a ocm33617243 | |
| 040 | |a *LWU* |b jpn |c *LWU* |d OCoLC |d *YNH* |d CStRLIN | ||
| 100 | 1 | |6 880-01 |a Shinoda, Kōzō, |d 1871-1965. | |
| 245 | 1 | 0 | |6 880-02 |a Bakumatsu Meiji kurashi no sugao / |c Shinoda Kōzō cho. |
| 246 | 3 | 0 | |6 880-03 |a Kurashi no sugao |
| 260 | |6 880-04 |a Tōkyō : |b Seiabō, |c 1957. | ||
| 300 | |a 297 p. : |b port. ; |c 19 cm. | ||
| 653 | |6 880-05 |a Nihon |a Fūzokushūkan |a Rekishi |a Edojidai. | ||
| 653 | |6 880-06 |a Nihon |a Fūzokushūkan |a Rekishi |a Meijijidai. | ||
| 651 | 0 | |a Tokyo (Japan) |x Social life and customs. | |
| 651 | 0 | |a Tokyo (Japan) |x History |x Anecdotes. | |
| 880 | 1 | |6 100-01 |a 篠田鑛造, |d 1871-1965. | |
| 880 | 1 | 0 | |6 245-02 |a 幕末明治暮しの素顔 / |c 篠田鑛造著. |
| 880 | 3 | 0 | |6 246-03 |a 暮しの素顔 |
| 880 | |6 260-04 |a 東京 : |b 青蛙房, |c 1957. | ||
| 880 | |6 653-05 |a 日本 |a 風俗・習慣 |a 歴史 |a 江戶時代. | ||
| 880 | |6 653-06 |a 日本 |a 風俗・習慣 |a 歴史 |a 明治時代. | ||
| 886 | 2 | |2 jpnmarc |a 677 |b 382.1 | |
| 988 | |a 20021220 | ||
| 906 | |0 OCLC | ||


